| 000 | 00333nam a2200097Ia 4500 | ||
|---|---|---|---|
| 005 | 20250424112931.0 | ||
| 008 | 250424s9999 xx 000 0 und d | ||
| 300 | _av. , 128 p. : col. ill. ; 27 cm. | ||
| 650 | _aTurkey--Politics and government--21st century--Periodicals. Turkey--History--Periodicals. Turkey--Periodicals. | ||
| 942 | _cSR | ||
| 999 |
_c37966 _d37966 |
||